Kensuke's Kingdom (Запис № 18023)
[ простий вигляд ]
| 000 -Маркер запису | |
|---|---|
| Контрольне поле сталої довжини | 02284nam a22002417a 4500 |
| 003 - Належність контрольного номера | |
| Контрольне поле | Uzh_bibl |
| 008 - Кодовані дані | |
| Контрольне поле сталої довжини | 260525b |||||||| |||| 00| 0 ukr d |
| 020 ## - Індекс ISBN | |
| ISBN | 978-1-4052-5590-5 |
| Ціна | 100.00 |
| 040 ## - Джерело каталогіз. | |
| Код мови каталог. | укр. |
| 041 ## - Код мови видання | |
| Код мови оригіналу | англійська |
| Код мови тексту | англійська |
| 080 ## - Індекс УДК | |
| Індекс УДК | 821(410) |
| 090 ## - Шифри | |
| Поличний індекс | 821(410) |
| Авторський знак | М 83 |
| 100 ## - Автор | |
| Автор | Morpurgo, Michael |
| 245 ## - Назва | |
| Назва | Kensuke's Kingdom |
| Фізичний носій | Text |
| Відповідальність | il.Michael Foreman |
| 260 ## - Вихідні дані | |
| Місце видання | London |
| Видавництво | Egmont UK Limited |
| Дата видання | 2020 |
| 300 ## - Фізичний опис | |
| Обсяг | 166 s. |
| 520 ## - Анотація | |
| Анотація | Michael's parents buy a yacht, and take him off to sail round the world. Washed overboard in a fierce storm, Michael finds himself on the shore of a remote island - and soon discovers he's not alone. Kensuke, a former Japanese soldier, survived the war and the bombing of Hiroshima, but his family perished. As an extraordinary bond forms between the two, Kensuke faces a heart-breaking choice: can he give up the secluded life he's built for himself to help reunite Michael with his parents? Knowing the pain of losing his own family, Kensuke knows which way he has to decide...Батьки Майкла купують яхту і беруть його на кругосвітню подорож. Змитий за борт у сильній бурі, Майкл опиняється на березі віддаленого острова — і незабаром розуміє, що він не сам. Кенсуке, колишній японський солдат, пережив війну та бомбардування Хіросіми, але його сім'я загинула. Коли між ними виникає надзвичайний зв'язок, Кенсуке стоїть перед болісним вибором: чи може він відмовитися від відокремленого життя, яке побудував для себе, щоб допомогти Майклу возз'єднатися з батьками? Знаючи біль втрати власної сім'ї, Кенсуке знає, який шлях має вирішити. |
| 521 ## - Примітка про цільове призначення | |
| Примітка про цільове призначення | Для підлітків |
| 525 ## - Примітка про додаток | |
| Примітка про додаток | Для старшого шкільного віку |
| 546 ## - Примітка про мову | |
| Примітка про мову | укр. |
| 650 ## - Тематичні рубрики | |
| Основна рубрика | Літературно-художне видання |
| 942 ## - ADDED ENTRY ELEMENTS (KOHA) | |
| Джерело класифікації чи схема поличного розташування | |
| Koha item type | Книги |
| Статус вилучення | Статус втрати/відсутності | Джерело класифікації чи схема поличного розташування | Статус пошкодження | Тип обігу (не для випозичання) | Постійне розташування | Поточне розташування | Дата надходження | Джерело надходження (постачальник) | Інвентарний номер | Total Checkouts | Повний (примірниковий) шифр зберігання | Штрих-код | Date last seen | Дата, для якої чинна ціна заміни | Тип одиниці (рівень примірника) |
|---|---|---|---|---|---|---|---|---|---|---|---|---|---|---|---|
| Бібліотека-філія № 1 для дітей | Бібліотека-філія № 1 для дітей | 23/04/2026 | Подаровані | 80881 | 821(410) | 19445 | 01/06/2026 | 01/06/2026 | Книги |